| 000 | 00421cam a2200181ua 4500 | ||
|---|---|---|---|
| 020 | _c2.00 | ||
| 041 |
_amal _h |
||
| 082 |
_a894.8121 _bKUM/NA |
||
| 100 | _aKumaranasan, . | ||
| 245 |
_aNalini / _cKumaranasan. _hTextual Documents |
||
| 260 |
_aThonnakkal : _bSarada Book Depot , _c1969. |
||
| 300 | _a133 ; . | ||
| 365 | _a2.00 | ||
| 504 | _a | ||
| 942 | _cBK | ||
| 999 |
_c5022 _d5022 |
||